[Event "DEM U16 2024"]
[Site "Willingen GER"]
[Date "2024.05.24"]
[Round "8"]
[White "Mader, Fabian"]
[Black "Torosyan, Bagrat"]
[Result "1-0"]
[Termination "normal"]
[Board "10"]
[WhiteElo "1984"]
[BlackElo "2115"]
[WhiteClock "00:06:49"]
[BlackClock "00:12:58"]
[PlyCount "77"]
[WhiteFideId "16265866"]
[BlackFideId "16258134"]
[EventCountry "GER"]
[EventRounds "9"]
[EventType "swiss"]
[EventDate "2024.05.18"]

1. e4 {[%clk 01:30:57]} {[%emt 00:00:02]} e5 {[%clk 01:30:56]} {[%emt
00:00:04]} 2. Nf3 {[%clk 01:31:18]} {[%emt 00:00:09]} Nc6 {[%clk 01:31:21]}
{[%emt 00:00:05]} 3. Bc4 {[%clk 01:31:40]} {[%emt 00:00:07]} Nf6 {[%clk
01:31:47]} {[%emt 00:00:05]} 4. d3 {[%clk 01:32:03]} {[%emt 00:00:08]} Bc5
{[%clk 01:32:11]} {[%emt 00:00:06]} 5. c3 {[%clk 01:32:25]} {[%emt 00:00:07]}
d6 {[%clk 01:32:34]} {[%emt 00:00:06]} 6. a4 {[%clk 01:32:04]} {[%emt
00:00:51]} a5 {[%clk 01:31:20]} {[%emt 00:01:44]} 7. O-O {[%clk 01:31:54]}
{[%emt 00:00:41]} O-O {[%clk 01:31:41]} {[%emt 00:00:09]} 8. Na3 {[%clk
01:27:07]} {[%emt 00:05:18]} Be6 {[%clk 01:27:16]} {[%emt 00:04:54]} 9. Bxe6
{[%clk 01:23:01]} {[%emt 00:04:36]} fxe6 {[%clk 01:27:37]} {[%emt 00:00:10]}
10. Nc4 {[%clk 01:22:48]} {[%emt 00:00:43]} Qe8 {[%clk 01:22:52]} {[%emt
00:05:14]} 11. Be3 {[%clk 01:17:20]} {[%emt 00:05:59]} Ba7 {[%clk 01:22:01]}
{[%emt 00:01:22]} 12. h3 {[%clk 01:10:34]} {[%emt 00:07:15]} Nh5 {[%clk
01:05:07]} {[%emt 00:17:24]} 13. Kh2 {[%clk 01:02:29]} {[%emt 00:08:35]} Nf4
{[%clk 00:58:22]} {[%emt 00:07:15]} 14. g3 {[%clk 00:52:04]} {[%emt 00:10:55]}
Ng6 {[%clk 00:54:47]} {[%emt 00:04:05]} 15. Qe2 {[%clk 00:46:35]} {[%emt
00:06:00]} d5 {[%clk 00:47:14]} {[%emt 00:08:02]} 16. Bxa7 {[%clk 00:45:41]}
{[%emt 00:01:23]} Rxa7 {[%clk 00:47:30]} {[%emt 00:00:15]} 17. Ne3 {[%clk
00:45:09]} {[%emt 00:01:01]} Qd7 {[%clk 00:45:52]} {[%emt 00:02:09]} 18. h4
{[%clk 00:34:06]} {[%emt 00:11:33]} Kh8 {[%clk 00:29:52]} {[%emt 00:16:29]} 19.
Ng5 {[%clk 00:28:45]} {[%emt 00:05:51]} Re8 {[%clk 00:24:46]} {[%emt 00:05:35]}
20. Nxh7 {[%clk 00:26:30]} {[%emt 00:02:46]} Nf4 21. gxf4 {[%clk 00:26:13]}
Kxh7 {[%clk 00:21:16]} {[%emt 00:00:07]} 22. Qh5+ {[%clk 00:25:52]} {[%emt
00:00:51]} Kg8 {[%clk 00:21:40]} {[%emt 00:00:06]} 23. f5 {[%clk 00:19:35]}
{[%emt 00:06:46]} d4 {[%clk 00:19:14]} {[%emt 00:02:56]} 24. Ng4 {[%clk
00:17:50]} {[%emt 00:02:14]} exf5 {[%clk 00:17:33]} {[%emt 00:02:12]} 25. Nf6+
{[%clk 00:16:36]} {[%emt 00:01:44]} gxf6 {[%clk 00:17:06]} {[%emt 00:00:56]}
26. Rg1+ {[%clk 00:17:01]} {[%emt 00:00:05]} Kf8 {[%clk 00:17:22]} {[%emt
00:00:14]} 27. Qh6+ {[%clk 00:16:46]} {[%emt 00:00:45]} Ke7 {[%clk 00:17:36]}
{[%emt 00:00:16]} 28. Rg7+ {[%clk 00:17:11]} {[%emt 00:00:06]} Kd8 {[%clk
00:17:57]} {[%emt 00:00:10]} 29. Rxd7+ {[%clk 00:17:34]} {[%emt 00:00:07]} Kxd7
{[%clk 00:18:22]} {[%emt 00:00:04]} 30. exf5 {[%clk 00:17:23]} {[%emt
00:00:41]} Ra6 {[%clk 00:17:15]} {[%emt 00:01:37]} 31. Qxf6 {[%clk 00:15:20]}
{[%emt 00:02:33]} Rb6 {[%clk 00:17:23]} {[%emt 00:00:22]} 32. Rg1 {[%clk
00:13:47]} {[%emt 00:02:02]} Nd8 {[%clk 00:13:24]} {[%emt 00:04:30]} 33. Rg7+
{[%clk 00:12:19]} {[%emt 00:01:58]} Kc8 {[%clk 00:13:47]} {[%emt 00:00:07]} 34.
Qg5 {[%clk 00:11:54]} {[%emt 00:00:54]} Rxb2 {[%clk 00:13:32]} {[%emt
00:00:46]} 35. cxd4 {[%clk 00:09:26]} {[%emt 00:02:58]} Rxf2+ {[%clk 00:13:23]}
{[%emt 00:00:39]} 36. Kg3 {[%clk 00:09:01]} {[%emt 00:00:54]} Re2 {[%clk
00:13:34]} {[%emt 00:00:19]} 37. d5 {[%clk 00:08:02]} {[%emt 00:01:30]} e4
{[%clk 00:13:01]} {[%emt 00:01:03]} 38. Qf4 {[%clk 00:07:18]} {[%emt 00:01:14]}
Rc2 {[%clk 00:12:58]} {[%emt 00:00:33]} 39. d6 {[%clk 00:06:49]} {[%emt
00:00:59]} 1-0

[Event "DEM U16 2024"]
[Site "Willingen GER"]
[Date "2024.05.24"]
[Round "8"]
[White "Göpfert, Gregor"]
[Black "Krüger, Arthur"]
[Result "1/2-1/2"]
[Termination "normal"]
[Board "11"]
[WhiteElo "1732"]
[BlackElo "1958"]
[WhiteClock "00:23:27"]
[BlackClock "00:28:30"]
[PlyCount "84"]
[WhiteFideId "34603964"]
[BlackFideId "16244966"]
[EventCountry "GER"]
[EventRounds "9"]
[EventType "swiss"]
[EventDate "2024.05.18"]

1. e4 {[%clk 01:30:57]} {[%emt 00:00:02]} e6 {[%clk 01:30:46]} {[%emt
00:00:15]} 2. d4 {[%clk 01:31:22]} {[%emt 00:00:04]} d5 {[%clk 01:31:13]}
{[%emt 00:00:03]} 3. exd5 {[%clk 01:31:48]} {[%emt 00:00:05]} exd5 {[%clk
01:31:39]} {[%emt 00:00:04]} 4. Nf3 {[%clk 01:32:12]} {[%emt 00:00:06]} Nf6
{[%clk 01:32:04]} {[%emt 00:00:05]} 5. Bd3 {[%clk 01:32:22]} {[%emt 00:00:19]}
c5 {[%clk 01:32:29]} {[%emt 00:00:05]} 6. c3 {[%clk 01:25:44]} {[%emt
00:07:09]} Be7 {[%clk 01:24:51]} {[%emt 00:08:08]} 7. dxc5 {[%clk 01:24:19]}
{[%emt 00:01:55]} Bxc5 {[%clk 01:23:39]} {[%emt 00:01:41]} 8. Qe2+ {[%clk
01:23:35]} {[%emt 00:01:15]} Be7 {[%clk 01:20:54]} {[%emt 00:03:15]} 9. O-O
{[%clk 01:21:30]} {[%emt 00:02:35]} O-O {[%clk 01:17:24]} {[%emt 00:03:58]} 10.
Bg5 {[%clk 01:17:38]} {[%emt 00:04:23]} Nc6 {[%clk 01:07:24]} {[%emt 00:10:30]}
11. h3 {[%clk 01:09:28]} {[%emt 00:08:41]} Re8 {[%clk 01:03:34]} {[%emt
00:04:20]} 12. Re1 {[%clk 01:07:39]} {[%emt 00:02:19]} Be6 {[%clk 01:03:13]}
{[%emt 00:00:50]} 13. Nbd2 {[%clk 01:06:40]} {[%emt 00:01:29]} h6 {[%clk
00:50:45]} {[%emt 00:12:58]} 14. Bh4 {[%clk 01:06:35]} {[%emt 00:00:34]} Nh5
{[%clk 00:45:13]} {[%emt 00:06:03]} 15. Bxe7 {[%clk 01:04:40]} {[%emt
00:02:27]} Rxe7 {[%clk 00:45:19]} {[%emt 00:00:23]} 16. Nd4 {[%clk 00:59:05]}
{[%emt 00:06:06]} Nf4 {[%clk 00:39:53]} {[%emt 00:05:56]} 17. Qf3 {[%clk
00:59:11]} {[%emt 00:00:23]} Nxd3 {[%clk 00:39:51]} {[%emt 00:00:32]} 18. Qxd3
{[%clk 00:59:17]} {[%emt 00:00:25]} Qb6 {[%clk 00:35:15]} {[%emt 00:05:06]} 19.
Rab1 {[%clk 00:37:01]} {[%emt 00:22:45]} Rae8 {[%clk 00:28:52]} {[%emt
00:06:52]} 20. N2f3 {[%clk 00:36:14]} {[%emt 00:01:18]} Qa5 {[%clk 00:20:08]}
{[%emt 00:09:15]} 21. a3 {[%clk 00:32:25]} {[%emt 00:04:19]} Qc7 {[%clk
00:14:59]} {[%emt 00:05:38]} 22. Qd2 {[%clk 00:31:52]} {[%emt 00:01:02]} Na5
{[%clk 00:13:40]} {[%emt 00:01:50]} 23. Rbd1 {[%clk 00:26:33]} {[%emt
00:05:49]} Nc4 {[%clk 00:13:42]} {[%emt 00:00:28]} 24. Qc1 {[%clk 00:25:03]}
{[%emt 00:01:59]} a6 {[%clk 00:10:12]} {[%emt 00:04:01]} 25. Re2 {[%clk
00:24:17]} {[%emt 00:01:15]} Qb6 {[%clk 00:08:11]} {[%emt 00:02:32]} 26. Rde1
{[%clk 00:21:32]} {[%emt 00:03:14]} Qd6 {[%clk 00:07:23]} {[%emt 00:01:19]} 27.
Ne5 {[%clk 00:18:26]} {[%emt 00:03:36]} Nxe5 {[%clk 00:01:20]} {[%emt
00:06:33]} 28. Rxe5 {[%clk 00:18:03]} {[%emt 00:00:53]} Bd7 {[%clk 00:01:21]}
{[%emt 00:00:29]} 29. Rxe7 {[%clk 00:10:22]} {[%emt 00:08:12]} Rxe7 {[%clk
00:01:50]} 30. Rxe7 {[%clk 00:08:43]} {[%emt 00:02:10]} Qxe7 {[%clk 00:02:19]}
{[%emt 00:00:01]} 31. Qf4 {[%clk 00:08:16]} {[%emt 00:00:55]} Qe8 {[%clk
00:00:52]} {[%emt 00:01:58]} 32. Qd6 {[%clk 00:06:28]} {[%emt 00:02:18]} Bc6
{[%clk 00:00:56]} {[%emt 00:00:26]} 33. Kh2 {[%clk 00:02:31]} {[%emt 00:04:27]}
Kh7 {[%clk 00:01:00]} {[%emt 00:00:27]} 34. Qc5 {[%clk 00:01:20]} {[%emt
00:01:40]} Qe5+ {[%clk 00:01:19]} {[%emt 00:00:12]} 35. g3 {[%clk 00:01:30]}
{[%emt 00:00:20]} Qe1 {[%clk 00:00:56]} {[%emt 00:00:53]} 36. Nxc6 {[%clk
00:01:23]} {[%emt 00:00:37]} bxc6 {[%clk 00:01:24]} {[%emt 00:00:02]} 37. Kg2
{[%clk 00:01:09]} {[%emt 00:00:43]} Qe4+ {[%clk 00:01:42]} {[%emt 00:00:12]}
38. Kh2 {[%clk 00:01:07]} {[%emt 00:00:32]} Qf3 {[%clk 00:02:02]} {[%emt
00:00:10]} 39. b4 {[%clk 00:01:01]} {[%emt 00:00:37]} Qe2 {[%clk 00:01:07]}
{[%emt 00:01:25]} 40. a4 {[%clk 00:01:03]} {[%emt 00:00:28]} f6 {[%clk
00:01:01]} {[%emt 00:00:35]} 41. a5 {[%clk 00:27:47]} {[%emt 00:03:46]} Kg6
{[%clk 00:28:30]} {[%emt 00:03:01]} 42. Qd4 {[%clk 00:23:27]} {[%emt 00:04:49]}
Kh7 {[%emt 00:06:37]} 1/2-1/2

[Event "DEM U16 2024"]
[Site "Willingen GER"]
[Date "2024.05.24"]
[Round "8"]
[White "Oldenburg, Max Leonard"]
[Black "Windmüller, Simon"]
[Result "1/2-1/2"]
[Termination "normal"]
[Board "12"]
[WhiteElo "1753"]
[BlackElo "2041"]
[WhiteClock "00:55:30"]
[BlackClock "01:07:40"]
[PlyCount "41"]
[WhiteFideId "34660348"]
[BlackFideId "16274032"]
[EventCountry "GER"]
[EventRounds "9"]
[EventType "swiss"]
[EventDate "2024.05.18"]

1. d4 {[%clk 01:30:58]} {[%emt 00:00:01]} d5 {[%clk 01:30:40]} {[%emt
00:00:18]} 2. c4 {[%clk 01:31:23]} {[%emt 00:00:07]} e6 {[%clk 01:30:55]}
{[%emt 00:00:15]} 3. Nc3 {[%clk 01:31:42]} {[%emt 00:00:12]} a6 {[%clk
01:31:15]} {[%emt 00:00:10]} 4. cxd5 {[%clk 01:31:42]} {[%emt 00:00:30]} exd5
{[%clk 01:31:33]} {[%emt 00:00:10]} 5. Bf4 {[%clk 01:31:40]} {[%emt 00:00:33]}
Nf6 {[%clk 01:31:45]} {[%emt 00:00:18]} 6. e3 {[%clk 01:31:48]} {[%emt
00:00:22]} c5 {[%clk 01:32:03]} {[%emt 00:00:12]} 7. dxc5 {[%clk 01:31:27]}
{[%emt 00:00:52]} Bxc5 {[%clk 01:32:19]} {[%emt 00:00:13]} 8. Nf3 {[%clk
01:31:00]} {[%emt 00:00:57]} Nc6 {[%clk 01:32:31]} {[%emt 00:00:18]} 9. Be2
{[%clk 01:30:37]} {[%emt 00:00:52]} O-O {[%clk 01:31:50]} {[%emt 00:01:10]} 10.
O-O {[%clk 01:30:44]} {[%emt 00:00:24]} d4 {[%clk 01:30:33]} {[%emt 00:01:48]}
11. exd4 {[%clk 01:30:37]} {[%emt 00:00:37]} Nxd4 {[%clk 01:30:55]} {[%emt
00:00:07]} 12. Nxd4 {[%clk 01:30:24]} {[%emt 00:00:43]} Bxd4 {[%clk 01:30:53]}
{[%emt 00:00:33]} 13. Bf3 {[%clk 01:26:19]} {[%emt 00:04:35]} Qb6 {[%clk
01:26:48]} {[%emt 00:04:34]} 14. Na4 {[%clk 01:20:40]} {[%emt 00:06:10]} Qa7
{[%clk 01:25:50]} {[%emt 00:01:28]} 15. Rc1 {[%clk 01:18:08]} {[%emt 00:03:01]}
Rd8 {[%clk 01:20:48]} {[%emt 00:05:32]} 16. Qb3 {[%clk 01:03:18]} {[%emt
00:15:21]} Be6 {[%clk 01:15:46]} {[%emt 00:05:31]} 17. Qxb7 {[%clk 01:02:15]}
{[%emt 00:01:34]} Qxb7 {[%clk 01:16:07]} {[%emt 00:00:09]} 18. Bxb7 {[%clk
01:02:43]} {[%emt 00:00:02]} Ra7 {[%clk 01:16:29]} {[%emt 00:00:08]} 19. Bf3
{[%clk 01:02:55]} {[%emt 00:00:18]} Bxa2 {[%clk 01:16:13]} {[%emt 00:00:47]}
20. Nc3 {[%clk 01:01:41]} {[%emt 00:01:44]} Bb3 {[%clk 01:07:40]} {[%emt
00:09:03]} 21. Ra1 {[%clk 00:55:30]} {[%emt 00:06:42]} 1/2-1/2

[Event "DEM U16 2024"]
[Site "Willingen GER"]
[Date "2024.05.24"]
[Round "8"]
[White "Asmussen, Johann"]
[Black "Lübke, Florentin"]
[Result "0-1"]
[Termination "normal"]
[Board "13"]
[WhiteElo "1568"]
[BlackElo "2207"]
[WhiteClock "00:12:59"]
[BlackClock "00:35:26"]
[PlyCount "110"]
[WhiteFideId "16273486"]
[BlackFideId "16281799"]
[EventCountry "GER"]
[EventRounds "9"]
[EventType "swiss"]
[EventDate "2024.05.18"]

1. e4 {[%clk 01:30:58]} {[%emt 00:00:01]} c5 {[%clk 01:30:55]} {[%emt
00:00:06]} 2. Nf3 {[%clk 01:31:24]} {[%emt 00:00:04]} Nc6 {[%clk 01:31:21]}
{[%emt 00:00:03]} 3. d4 {[%clk 01:31:31]} {[%emt 00:00:23]} cxd4 {[%clk
01:31:47]} {[%emt 00:00:05]} 4. Nxd4 {[%clk 01:31:55]} {[%emt 00:00:06]} g6
{[%clk 01:32:13]} {[%emt 00:00:04]} 5. Nc3 {[%clk 01:32:12]} {[%emt 00:00:12]}
Bg7 {[%clk 01:32:37]} {[%emt 00:00:06]} 6. Be3 {[%clk 01:32:26]} {[%emt
00:00:16]} Nf6 {[%clk 01:33:02]} {[%emt 00:00:05]} 7. Bc4 {[%clk 01:32:47]}
{[%emt 00:00:09]} O-O {[%clk 01:33:27]} {[%emt 00:00:06]} 8. Bb3 {[%clk
01:33:10]} {[%emt 00:00:07]} Re8 {[%clk 01:33:52]} {[%emt 00:00:05]} 9. f3
{[%clk 01:32:05]} {[%emt 00:01:35]} e6 {[%clk 01:34:17]} {[%emt 00:00:05]} 10.
Qd2 {[%clk 01:32:23]} {[%emt 00:00:12]} d5 {[%clk 01:34:25]} {[%emt 00:00:21]}
11. exd5 {[%clk 01:30:47]} {[%emt 00:02:07]} Nxd5 {[%clk 01:32:49]} {[%emt
00:02:05]} 12. Nxd5 {[%clk 01:29:35]} {[%emt 00:01:43]} Nxd4 {[%clk 01:30:00]}
{[%emt 00:03:19]} 13. Nc3 {[%clk 01:27:24]} {[%emt 00:02:41]} e5 {[%clk
01:21:23]} {[%emt 00:09:06]} 14. Ba4 {[%clk 01:23:29]} {[%emt 00:04:25]} Bd7
{[%clk 01:20:29]} {[%emt 00:01:25]} 15. Bxd7 {[%clk 01:21:04]} {[%emt
00:02:54]} Qxd7 {[%clk 01:20:53]} {[%emt 00:00:07]} 16. O-O {[%clk 01:19:34]}
{[%emt 00:01:59]} Rad8 {[%clk 01:20:07]} {[%emt 00:01:16]} 17. Kh1 {[%clk
01:18:57]} {[%emt 00:01:07]} Qf5 {[%clk 01:16:04]} {[%emt 00:04:33]} 18. Bxd4
{[%clk 01:13:26]} {[%emt 00:06:01]} exd4 {[%clk 01:14:18]} {[%emt 00:02:17]}
19. Ne4 {[%clk 01:11:40]} {[%emt 00:02:16]} Qb5 {[%clk 01:14:06]} {[%emt
00:00:42]} 20. Qd3 {[%clk 01:09:01]} {[%emt 00:03:08]} Qxd3 {[%clk 01:12:03]}
{[%emt 00:02:34]} 21. cxd3 {[%clk 01:09:11]} {[%emt 00:00:20]} f5 {[%clk
01:12:02]} {[%emt 00:00:31]} 22. Ng3 {[%clk 01:07:38]} {[%emt 00:02:02]} Re3
{[%clk 01:11:57]} {[%emt 00:00:35]} 23. Rad1 {[%clk 01:05:32]} {[%emt
00:02:36]} Rc8 {[%clk 01:12:01]} {[%emt 00:00:26]} 24. Rf2 {[%clk 01:04:25]}
{[%emt 00:01:37]} Bf8 {[%clk 01:08:31]} {[%emt 00:03:59]} 25. Kg1 {[%clk
00:56:22]} {[%emt 00:08:33]} Kf7 {[%clk 00:57:56]} {[%emt 00:11:05]} 26. a3
{[%clk 00:53:21]} {[%emt 00:03:32]} Bd6 {[%clk 00:54:20]} {[%emt 00:04:06]} 27.
f4 {[%clk 00:44:12]} {[%emt 00:09:39]} Re7 {[%clk 00:51:23]} {[%emt 00:03:26]}
28. Kf1 {[%clk 00:39:02]} {[%emt 00:05:41]} Ke6 {[%clk 00:51:04]} {[%emt
00:00:49]} 29. Re1+ {[%clk 00:38:05]} {[%emt 00:01:27]} Kd5 {[%clk 00:51:24]}
{[%emt 00:00:10]} 30. Rxe7 {[%clk 00:38:13]} {[%emt 00:00:22]} Bxe7 {[%clk
00:51:47]} {[%emt 00:00:08]} 31. Ke1 {[%clk 00:33:59]} {[%emt 00:04:44]} Bd6
{[%clk 00:47:41]} {[%emt 00:04:35]} 32. Kd1 {[%clk 00:32:45]} {[%emt 00:01:43]}
Rf8 {[%clk 00:44:16]} {[%emt 00:03:56]} 33. Nf1 {[%clk 00:30:45]} {[%emt
00:02:30]} h6 {[%clk 00:41:18]} {[%emt 00:03:28]} 34. g3 {[%clk 00:20:29]}
{[%emt 00:10:46]} g5 {[%clk 00:40:57]} {[%emt 00:00:51]} 35. fxg5 {[%clk
00:20:21]} {[%emt 00:00:38]} hxg5 {[%clk 00:41:05]} {[%emt 00:00:21]} 36. g4
{[%clk 00:19:32]} {[%emt 00:01:20]} fxg4 {[%clk 00:40:30]} {[%emt 00:01:05]}
37. Rxf8 {[%clk 00:19:26]} {[%emt 00:00:37]} Bxf8 {[%clk 00:40:50]} {[%emt
00:00:09]} 38. Ng3 {[%clk 00:19:19]} {[%emt 00:00:37]} Bd6 {[%clk 00:39:09]}
{[%emt 00:02:09]} 39. Ke2 {[%emt 00:01:25]} Bf4 {[%clk 00:36:24]} {[%emt
00:02:58]} 40. Kd1 {[%clk 00:17:22]} {[%emt 00:01:50]} Ke5 {[%clk 00:35:51]}
{[%emt 00:01:04]} 41. Kc2 {[%clk 00:16:28]} {[%emt 00:01:23]} Be3 {[%clk
00:35:02]} {[%emt 00:01:19]} 42. Nf1 {[%clk 00:15:37]} {[%emt 00:01:20]} Kf4
{[%clk 00:35:01]} {[%emt 00:00:32]} 43. Kd1 {[%clk 00:15:31]} {[%emt 00:00:37]}
Kf3 {[%clk 00:34:47]} {[%emt 00:00:43]} 44. Nxe3 {[%clk 00:14:21]} {[%emt
00:01:40]} Kxe3 {[%emt 00:00:52]} 45. Ke1 {[%clk 00:14:06]} {[%emt 00:00:35]}
Kxd3 {[%clk 00:34:51]} 46. Kd1 {[%clk 00:14:27]} {[%emt 00:00:24]} b5 {[%clk
00:35:03]} 47. b4 {[%clk 00:12:59]} {[%emt 00:02:16]} Kc3 {[%clk 00:35:26]} 48.
Ke1 {[%clk 00:12:59]} Kc2 {[%clk 00:35:26]} 49. a4 {[%clk 00:12:59]} d3 {[%clk
00:35:26]} 50. Kf2 {[%clk 00:12:59]} d2 {[%clk 00:35:26]} 51. a5 {[%clk
00:12:59]} d1=Q {[%clk 00:35:26]} 52. h4 {[%clk 00:12:59]} Qf3 {[%clk
00:35:26]} 53. Kg1 {[%clk 00:12:59]} g3 {[%clk 00:35:26]} 54. hxg5 {[%clk
00:12:59]} Qf2+ {[%clk 00:35:26]} 55. Kh1 {[%clk 00:12:59]} Qf1+ {[%clk
00:35:26]} 0-1

[Event "DEM U16 2024"]
[Site "Willingen GER"]
[Date "2024.05.25"]
[Round "9"]
[White "von Mettenheim, Johannes"]
[Black "Haubold, Christian"]
[Result "1-0"]
[Termination "normal"]
[Board "1"]
[WhiteElo "2293"]
[BlackElo "2051"]
[WhiteClock "01:04:16"]
[BlackClock "00:02:04"]
[PlyCount "73"]
[WhiteFideId "16244818"]
[BlackFideId "16259629"]
[EventCountry "GER"]
[EventRounds "9"]
[EventType "swiss"]
[EventDate "2024.05.18"]

1. d4 {[%clk 01:30:58]} {[%emt 00:00:02]} Nf6 {[%clk 01:30:54]} {[%emt
00:00:06]} 2. c4 {[%clk 01:31:24]} {[%emt 00:00:05]} g6 {[%clk 01:31:18]}
{[%emt 00:00:05]} 3. Nc3 {[%clk 01:31:49]} {[%emt 00:00:06]} Bg7 {[%clk
01:31:40]} {[%emt 00:00:07]} 4. e4 {[%clk 01:32:13]} {[%emt 00:00:06]} d6
{[%clk 01:32:02]} {[%emt 00:00:08]} 5. Bd3 {[%clk 01:32:40]} {[%emt 00:00:03]}
e5 {[%clk 01:31:24]} {[%emt 00:01:09]} 6. d5 {[%clk 01:33:04]} {[%emt
00:00:06]} a5 {[%clk 01:29:58]} {[%emt 00:01:56]} 7. Nge2 {[%clk 01:33:27]}
{[%emt 00:00:07]} Na6 {[%clk 01:27:51]} {[%emt 00:02:37]} 8. f3 {[%clk
01:33:52]} {[%emt 00:00:04]} Nc5 {[%clk 01:25:34]} {[%emt 00:02:47]} 9. Bc2
{[%clk 01:34:15]} {[%emt 00:00:07]} c6 {[%clk 01:09:56]} {[%emt 00:16:09]} 10.
Be3 {[%clk 01:32:52]} {[%emt 00:01:52]} O-O {[%clk 01:03:49]} {[%emt 00:06:37]}
11. O-O {[%clk 01:31:02]} {[%emt 00:02:20]} cxd5 {[%clk 01:01:08]} {[%emt
00:03:11]} 12. cxd5 {[%clk 01:31:13]} {[%emt 00:00:19]} Bd7 {[%clk 00:56:29]}
{[%emt 00:05:09]} 13. a3 {[%clk 01:29:56]} {[%emt 00:01:47]} b5 {[%clk
00:39:31]} {[%emt 00:17:28]} 14. b4 {[%clk 01:29:22]} {[%emt 00:01:05]} Na6
{[%clk 00:37:07]} {[%emt 00:02:53]} 15. Rb1 {[%clk 01:29:46]} {[%emt 00:00:06]}
axb4 {[%clk 00:30:26]} {[%emt 00:07:12]} 16. axb4 {[%clk 01:30:10]} {[%emt
00:00:05]} Qb8 {[%clk 00:30:09]} {[%emt 00:00:47]} 17. Bd3 {[%clk 01:26:53]}
{[%emt 00:03:47]} Rc8 {[%clk 00:28:48]} {[%emt 00:01:51]} 18. Qb3 {[%clk
01:25:05]} {[%emt 00:02:17]} Nh5 {[%clk 00:25:34]} {[%emt 00:03:45]} 19. Rfc1
{[%clk 01:25:04]} {[%emt 00:00:31]} Nf4 {[%clk 00:20:45]} {[%emt 00:05:19]} 20.
Nxf4 {[%clk 01:22:51]} {[%emt 00:02:43]} exf4 {[%clk 00:21:09]} {[%emt
00:00:06]} 21. Bxf4 {[%clk 01:22:31]} {[%emt 00:00:50]} Qb6+ {[%clk 00:21:26]}
22. Kh1 {[%clk 01:20:38]} {[%emt 00:02:36]} Bxc3 {[%clk 00:13:22]} 23. Rxc3
{[%clk 01:21:02]} {[%emt 00:08:39]} Qd4 {[%clk 00:13:32]} 24. Bd2 {[%clk
01:17:01]} {[%emt 00:04:52]} Qf2 {[%clk 00:12:13]} 25. Qd1 {[%clk 01:15:25]}
{[%emt 00:03:54]} h5 {[%clk 00:07:29]} {[%emt 00:05:14]} 26. Qe1 {[%clk
01:11:40]} {[%emt 00:04:15]} Qd4 {[%clk 00:07:31]} {[%emt 00:00:28]} 27. Rcb3
{[%clk 01:11:40]} {[%emt 00:00:31]} Nb8 {[%clk 00:06:01]} {[%emt 00:01:59]} 28.
Be3 {[%clk 01:05:11]} {[%emt 00:06:59]} Qf6 {[%clk 00:06:08]} {[%emt 00:00:23]}
29. Qf2 {[%clk 01:05:29]} {[%emt 00:00:13]} Ra1 {[%clk 00:05:27]} {[%emt
00:01:11]} 30. h3 {[%clk 01:05:18]} {[%emt 00:00:40]} Rxb1+ {[%clk 00:04:18]}
{[%emt 00:01:39]} 31. Rxb1 {[%clk 01:05:37]} {[%emt 00:00:11]} Qc3 {[%clk
00:04:18]} {[%emt 00:00:31]} 32. Qd2 {[%clk 01:03:30]} {[%emt 00:02:36]} Qa3
{[%clk 00:04:00]} {[%emt 00:00:49]} 33. Bd4 {[%clk 01:03:44]} {[%emt 00:00:15]}
Kh7 {[%clk 00:03:08]} {[%emt 00:01:22]} 34. Qf4 {[%clk 01:03:25]} {[%emt
00:00:48]} Qxd3 {[%clk 00:01:22]} {[%emt 00:02:18]} 35. Qxf7+ {[%clk 01:03:51]}
{[%emt 00:00:04]} Kh6 {[%clk 00:01:47]} {[%emt 00:00:05]} 36. Bg7+ {[%clk
01:04:16]} {[%emt 00:00:04]} Kg5 {[%clk 00:02:04]} {[%emt 00:00:13]} 37. Qf6#
{[%emt 00:00:04]} 1-0